Tour de France 2025 - Top 30 der Gesamtwertung - Statistiken

Allgemein
  • Dieses Quiz wurde 25 mal gespielt
  • Das Durchschnittsergebnis liegt bei 21 aus 30
Antwortstatistiken
# Fahrer Team Zeit % Korrekt
5 Felix Gall Decathlon AG2R La Mondiale Team +17:12m
100%
3 Florian Lipowitz Red Bull - Bora-Hansgrohe +11:00m
96%
2 Jonas Vingegaard Team Visma | Lease a bike +4:24m
96%
4 Oscar Onley Team Picnic PostNL +12:12m
96%
8 Primoz Roglic Red Bull - Bora-Hansgrohe +25:30m
96%
1 Tadej Pogacar UAE Team Emirates XRG 76:00:32h
96%
9 Ben Healy EF Education-EasyPost +28:02m
92%
7 Kevin Vauquelin Arkéa-B&B Hotels +22:35m
92%
24 Adam Yates UAE Team Emirates XRG +1:48:41h
88%
11 Ben O'Connor Team Jayco AlUla +34:34m
88%
15 Simon Yates Team Visma | Lease a bike +1:17:30h
88%
6 Tobias Johannessen Uno-X Mobility +20:14m
88%
17 Sepp Kuss Team Visma | Lease a bike +1:20:24h
83%
12 Thymen Arensman INEOS Grenadiers +52:41m
83%
19 Matteo Jorgenson Team Visma | Lease a bike +1:29:28h
79%
13 Jhonatan Narváez UAE Team Emirates XRG +1:04:36h
75%
30 Emanuel Buchmann Cofidis +2:21:34h
71%
27 Aleksandr Vlasov Red Bull - Bora-Hansgrohe +2:16:15h
67%
16 Guillaume Martin Groupama-FDJ +1:18:07h
67%
29 Marc Soler UAE Team Emirates XRG +2:21:01h
67%
10 Jordan Jegat TotalEnergies +32:42m
63%
20 Cristian Rodriguez Arkéa-B&B Hotels +1:36:15h
54%
14 Sergio Higuita XDS Astana Team +1:08:19h
54%
21 Valentin Madouas Groupama-FDJ +1:39:46h
54%
28 Victor Campenaerts Team Visma | Lease a bike +2:20:36h
50%
25 Aurélien Paret-Peintre Decathlon AG2R La Mondiale Team +2:12:52h
42%
18 Gregor Mühlberger Movistar Team +1:28:17h
42%
23 Warren Barguil Team Picnic PostNL +1:48:09h
33%
22 Xandro Meurisse Alpecin-Deceuninck +1:43:46h
29%
26 Raúl García Pierna Arkéa-B&B Hotels +2:15:58h
17%
Keine übereinstimmenden Quizze gefunden
Verteilung der Resultate
Anzahl Personen mit jedem Resultat
Perzentil nach korrekt beantworteten Fragen
Ihre Resultats-Entwicklung
Sie haben dieses Quiz noch nicht gespielt